Szolgálatban
Elmentve itt :
| Szerző: | |
|---|---|
| Dokumentumtípus: | Cikk |
| Megjelent: |
1977-08-24
|
| Sorozat: | Délmagyarország
67 No. 198 |
| Kulcsszavak: | ruhaipar |
| Online Access: | http://dmarchiv.bibl.u-szeged.hu/106900 |
| LEADER | 00434nab a2200157 i 4500 | ||
|---|---|---|---|
| 001 | delm106900 | ||
| 005 | 20190528105848.0 | ||
| 008 | 190528s1977 hu o 0|| hun d | ||
| 040 | |a SZTE Délmagyarország Archívum |b hun | ||
| 041 | |a hun | ||
| 100 | 1 | |a Domonkos László | |
| 245 | 1 | 0 | |a Szolgálatban |h [elektronikus dokumentum] / |c Domonkos László |
| 260 | |c 1977-08-24 | ||
| 300 | |a 3 | ||
| 490 | 0 | |a Délmagyarország |v 67 No. 198 | |
| 695 | |a ruhaipar | ||